Vývoj vybraných indikátorov koncentrácie poistného trhu SR
Najvýznamnejšie indexy na meranie koncentrácie odvetvia: miera koncentrácie m najsilnejších subjektov (CRm), Herfindahlov-Hirschmanov index koncentrácie trhu (HHI), komplexný index koncentrácie (CCI) a Theilov index (E). Analýza údajov poisťovní pôsobiacich na slovenskom trhu: technické poistenie ce...
Na minha lista:
| Autor principal: | |
|---|---|
| Outros Autores: | |
| Formato: | Capítulo de Livro |
| Idioma: | eslovaco |
| Assuntos: | |
| Tags: |
Sem tags, seja o primeiro a adicionar uma tag!
|
MARC
| LEADER | 00000nla a2200000 4500 | ||
|---|---|---|---|
| 001 | 0225250 | ||
| 005 | 20240502083601.2 | ||
| 041 | 0 | |a slo | |
| 044 | |a CZ | ||
| 245 | 1 | 0 | |a Vývoj vybraných indikátorov koncentrácie poistného trhu SR |c Ivan Brezina, Juraj Pekár |
| 520 | |a Najvýznamnejšie indexy na meranie koncentrácie odvetvia: miera koncentrácie m najsilnejších subjektov (CRm), Herfindahlov-Hirschmanov index koncentrácie trhu (HHI), komplexný index koncentrácie (CCI) a Theilov index (E). Analýza údajov poisťovní pôsobiacich na slovenskom trhu: technické poistenie celkom, životné poistenie, neživotné poistenie (2010-2014). Trend znižovania úrovne koncentrácie na slovenskom poistnom trhu. | ||
| 610 | 2 | 0 | |a poisťovníctvo |
| 610 | 2 | 0 | |a poisťovne |
| 610 | 2 | 0 | |a koncentrácia |
| 610 | 2 | 0 | |a trh poistný |
| 610 | 2 | 0 | |a indexy |
| 610 | 2 | 0 | |a poistenie životné |
| 610 | 2 | 0 | |a poistenie neživotné |
| 100 | 1 | |a Brezina, Ivan, 1963- | |
| 700 | 1 | |a Pekár, Juraj, 1972- | |